Zgadnij europejski kraj po ciekawostce - Statystyki

Ogólne statystyki
  • Ten quiz został rozwiązany 14 razy
  • Średni wynik to 15 z 49
Statystyki odpowiedzi
Ciekawostka Kraj % Poprawnych
W tym kraju popularnym posiłkiem są ślimaki z których inne kraje żartują. Francja
100%
Ten kraj znany jest z klocków. Dania
89%
Z tego kraju pochodzi Corrida. Hiszpania
67%
Ten kraj posiada około 25% światowych zasobów czarnoziemu.. Ukraina
67%
Mieszkańcy tego kraju piją bardzo dużo herbaty. Wielka Brytania
67%
W Polsce jest bardzo dużo samochodów z tego kraju. Czechy
56%
Z tego kraju pochodzi Halloween. Irlandia
56%
Ten kraj jest najmniejszy w UE. Malta
56%
W tym kraju bardzo popularny jest hazard. Monako
56%
Ten kraj słynie z kiełbasy. Niemcy
56%
W Chicago mieszka bardzo dużo mieszkańców tego kraju. Polska
56%
Ten kraj posiada najdłuższą linie brzegową w Europie (13 000 km). Grecja
44%
Ten kraj jest najbiedniejszym w Europie z tego powodu ceny dla turystów są bardzo przystępne. Mołdawia
44%
W tym kraju znajduje się najdłuższa rzeka w Europie Rosja
44%
Ten kraj nie należy do ONZ. Watykan
44%
W tym kraju popularnym posiłkiem są draniki czyli placki ziemniaczane najczęściej ze śmietaną. Białoruś
33%
Geograficzny środek tego kraju nie leży w tym państwie. Chorwacja
33%
Z tego kraju wywodzi się bieg z żoną na plecach. Finlandia
33%
Aż 12,1% Tego kraju to parki narodowe. Islandia
33%
Od 2020 roku posiada bezpłatny transport publiczny. Luksemburg
33%
W stolicy tego kraju urodziła się Matka Teresa. Macedonia Północna
33%
Ten kraj posiada największy pałac parlamentu na świecie. Rumunia
33%
Ten kraj jest najstarszą republiką na świecie. San Marino
33%
Z tego kraju pochodzą „Dzieci Z Bullerbyn”. Szwecja
33%
Z tego kraju pochodzi Kostka Rubika. Węgry
33%
Z tego kraju pochodzi Chinkali czyli duży pieróg Gruzja
22%
Ten kraj jest największym państwem na świecie które nie ma dostępu do morza Kazachstan
22%
O ten kraj kłócą się dwa inne. Kosowo
22%
Ten kraj jest jednym z dwóch podwójnie śródlądowych. Liechtenstein
22%
W tym kraju znajduje się jedyna w Europie plantacja herbaty. Portugalia
22%
Żył tam Święty Mikołaj. Turcja
22%
Ten Kraj nie posiada armii a mimo to jest bardzo bezpieczne. Andora
11%
Z tego kraju pochodzą „Smerfy”. Belgia
11%
Linia brzegowa tego kraju ma 20 kilometrów. Bośnia I Hercegowina
11%
W tym kraju około 36% ogółu ludności pali papierosy.. Bułgaria
11%
Znajduje się tam największy kanion w Europie. Czarnogóra
11%
W tym kraju popularny jest sport Kiiking który polega na pełnym obrocie 360° na specjalnej dużej huśtawce. Estonia
11%
Ten kraj jako ostatni w Europie przyjął chrześcijaństwo w 1387 r. Litwa
11%
W tym kraju płynie aż 12 tys.rzek,ale tylko 17 z nich jest dłuższa niż 100 km. Łotwa
11%
W 2011 roku w tym kraju był kryzys maślany. Norwegia
11%
Stolica tego kraju oznacza „Białe Miasto”. Serbia
11%
W tym kraju rośnie najstarsza winorośl na świecie która ma 400 lat i nadal owocuje. Słowenia
11%
W tym kraju zakazane jest posiadanie tylko jednej świnki morskiej. Szwajcaria
11%
W tym kraju pechową liczbą jest 17 a nie 13. Włochy
11%
W tym kraju znajduje się najczystsza rzeka w europie. Albania
0%
W tym kraju powstała pierwsza kawiarnia na świecie. Austria
0%
Mimo, że to kraj górzysty (40% powierzchni), posiada ponad 8000 rzek. Azerbeijdżan
0%
W tym kraju w roku 1963 odbył się 200 kilometrowy wyścig łyżwiarski. Holandia
0%
W tym kraju znajduje się Dolina Śmierci w której są repliki czołgów Słowacja
0%
Nie znaleziono quizów pasujących do podanych kryteriów
Rozkład punktacji
Procent ludzi z każdym wynikiem
Percentyl według liczby udzielonych odpowiedzi
Twoja historia wyników
Nie rozwiązałeś tego quizu